[Event "Fredrikstad CC-ch"]
[Site "Fredrikstad"]
[Date "2003.02.19"]
[Round "5"]
[White "Kristiansen, Espen"]
[Black "Hoff, Kjell"]
[Result "1/2-1/2"]
[WhiteElo "1223"]
[BlackElo "1340"]
[PlyCount "99"]
[EventDate "2003.01.??"]
[EventType "swiss"]
[EventRounds "11"]
[EventCountry "NOR"]
[SourceTitle "EXT 2005"]
[Source "ChessBase"]
[SourceDate "2004.11.15"]
[SourceVersion "1"]
[SourceVersionDate "2004.11.15"]
[SourceQuality "1"]

1. e4 e5 2. Nf3 Nc6 3. d4 exd4 4. c3 d6 5. Bc4 Ne5 6. Nxe5 dxe5 7. 0-0 Nf6 8. Bg5 Be7 9. cxd4 Nxe4 10. Bxe7 Qxe7 11. Re1 Qb4 12. b3 Nd6 13. Rxe5+ Kd8 14. a3 Qb6 15. Bd5 f6 16. Re1 Nf5 17. Nc3 Qxd4 18. Qxd4 Nxd4 19. Rad1 c5 20. b4 Bd7 21. bxc5 Nc6 22. Be6 Nb8 23. Nb5 a6 24. Nc3 Re8 25. Na4 Kc7 26. Nb6 Bxe6 27. Nxa8+ Kc8 28. Rd6 Bf7 29. Rxe8+ Bxe8 30. Nb6+ Kc7 31. Nd5+ Kc8 32. Ne7+ Kc7 33. Nf5 g6 34. Ne3 Nd7 35. Nd5+ Kc8 36. Nxf6 Nxf6 37. Rxf6 Kc7 38. f4 h5 39. Kf2 Kd8 40. Ke3 Ke7 41. Rb6 Bc6 42. Kd4 Bxg2 43. Ke5 Bc6 44. h4 Bf3 45. Rxg6 Kd7 46. Rb6 Ke7 47. Kf5 Kf7 48. Kg5 Kg7 49. Rh6 Kf7 50. Rxh5 1/2-1/2

[Event "Fredrikstad CC-ch"]
[Site "Fredrikstad"]
[Date "2003.01.22"]
[Round "2"]
[White "Hoff, Kjell"]
[Black "Slang, Harry"]
[Result "0-1"]
[WhiteElo "1340"]
[BlackElo "1118"]
[PlyCount "38"]
[EventDate "2003.01.??"]
[EventType "swiss"]
[EventRounds "11"]
[EventCountry "NOR"]
[SourceTitle "EXT 2005"]
[Source "ChessBase"]
[SourceDate "2004.11.15"]
[SourceVersion "1"]
[SourceVersionDate "2004.11.15"]
[SourceQuality "1"]

1. e4 c6 2. d4 d5 3. Nc3 dxe4 4. Nxe4 g6 5. Be3 Bg7 6. c3 Nd7 7. Bc4 Ngf6 8. Nxf6+ Nxf6 9. f3 0-0 10. Ne2 Nd5 11. Bd2 Re8 12. 0-0 e5 13. dxe5 Bxe5 14. f4 Bg7 15. Bxd5 cxd5 16. Nd4 Qb6 17. Qa4 Be6 18. Rab1 Bf5 19. Rbe1 Bxd4+ 0-1

[Event "Fredrikstad Hostturnering"]
[Site "Fredrikstad"]
[Date "2002.09.18"]
[Round "3"]
[White "Hoff, Kjell"]
[Black "Andersen, Harry"]
[Result "0-1"]
[WhiteElo "1267"]
[BlackElo "1672"]
[PlyCount "52"]
[EventDate "2002.09.??"]
[EventType "swiss"]
[EventRounds "9"]
[EventCountry "NOR"]
[SourceTitle "EXT 2005"]
[Source "ChessBase"]
[SourceDate "2004.11.15"]
[SourceVersion "1"]
[SourceVersionDate "2004.11.15"]
[SourceQuality "1"]

1. d4 Nf6 2. c4 g6 3. Nc3 d5 4. e3 Bg7 5. Bd3 0-0 6. h3 c5 7. Nge2 Nc6 8. 0-0 Nb4 9. cxd5 cxd4 10. Nxd4 Nfxd5 11. Bb1 Nxc3 12. bxc3 e5 13. Nb3 Nd5 14. Qd2 e4 15. Nd4 Qg5 16. f4 exf3 17. Rxf3 Re8 18. Bd3 b6 19. Qe1 Bb7 20. Rg3 Qe5 21. Bd2 Rac8 22. Rc1 Bh6 23. c4 Nxe3 24. Nf3 Bxf3 25. Rxf3 Qd4 26. Kh1 Nxc4 0-1

[Event "Fredrikstad CC-ch"]
[Site "Fredrikstad"]
[Date "2002.03.06"]
[Round "7"]
[White "Johansen, Bjoern Berg"]
[Black "Hoff, Kjell"]
[Result "1/2-1/2"]
[WhiteElo "1185"]
[BlackElo "1188"]
[PlyCount "64"]
[EventDate "2002.01.??"]
[EventType "swiss"]
[EventRounds "11"]
[EventCountry "NOR"]
[SourceTitle "EXT 2005"]
[Source "ChessBase"]
[SourceDate "2004.11.15"]
[SourceVersion "1"]
[SourceVersionDate "2004.11.15"]
[SourceQuality "1"]

1. e4 e6 2. d4 d5 3. e5 Bd7 4. Nd2 c5 5. c3 cxd4 6. cxd4 Nc6 7. Nb3 h6 8. Nf3 Nge7 9. Bd3 Nb4 10. Bb1 Bb5 11. a3 Na6 12. Bd3 Bxd3 13. Qxd3 Nc7 14. 0-0 b6 15. Be3 Nf5 16. Rac1 Nxe3 17. fxe3 Be7 18. Rc2 Qd7 19. Rfc1 Rc8 20. Rc6 0-0 21. Nbd2 Na8 22. Qb5 Rxc6 23. Qxc6 Rd8 24. b4 Qxc6 25. Rxc6 Kh7 26. Nb1 Rd7 27. b5 Kg6 28. a4 Kf5 29. Nbd2 g5 30. h3 Rc7 31. g4+ Kg6 32. Kf1 Rd7 1/2-1/2